[Event "Regionalliga Nord-West 1819"]
[Site "Bayern"]
[Date "2019.03.24"]
[Round "8.7"]
[White "Bardorz, Jana"]
[Black "Karl, Winfried"]
[Result "0-1"]
[WhiteElo "1865"]
[BlackElo "1913"]
[PlyCount "52"]
[EventDate "2018.10.21"]
[EventType "team-tourn"]
[EventRounds "9"]
[EventCountry "GER"]
[SourceTitle "EXT 2022"]
[Source "ChessBase"]
[SourceDate "2021.10.06"]
[SourceVersion "1"]
[SourceVersionDate "2021.10.06"]
[SourceQuality "1"]
[WhiteTeam "Rottendorf"]
[BlackTeam "Sailauf"]
[WhiteTeamCountry "GER"]
[BlackTeamCountry "GER"]

1. e4 c5 2. Nc3 Nc6 3. g3 g6 4. Bg2 Bg7 5. d3 d6 6. f4 f5 7. Nf3 e6 8. 0-0 Nge7 9. h3 0-0 10. g4 Nd4 11. Be3 Nec6 12. Rb1 Rb8 13. Ne2 Nxf3+ 14. Bxf3 Nd4 15. Bg2 Qa5 16. c3 Nxe2+ 17. Qxe2 b5 18. e5 b4 19. cxb4 cxb4 20. exd6 Bb7 21. Bxb7 Rxb7 22. Rfc1 Qxa2 23. Bc5 Qd5 24. Rc4 Rc8 25. Qg2 Rxc5 26. Qxd5 Rxd5 0-1

[Event "Baden-ch op"]
[Site "Walldorf"]
[Date "2017.07.26"]
[Round "1"]
[White "Gschnitzer, Adrian"]
[Black "Karl, Winfried"]
[Result "1-0"]
[WhiteElo "2322"]
[BlackElo "2086"]
[PlyCount "75"]
[EventDate "2017.07.26"]
[EventType "swiss"]
[EventRounds "7"]
[EventCountry "GER"]
[SourceTitle "CBM 179 Extra"]
[Source "ChessBase"]
[SourceDate "2017.08.23"]
[SourceVersion "1"]
[SourceVersionDate "2017.08.23"]
[SourceQuality "1"]

1. e4 c6 2. d4 d5 3. e5 Bf5 4. Nf3 e6 5. Be2 c5 6. Be3 Nc6 7. 0-0 cxd4 8. Nxd4 Nxd4 9. Bxd4 Ne7 10. f4 Nc6 11. Bf2 Bb4 12. c3 Be7 13. Nd2 h6 14. Kh1 0-0 15. Nb3 a6 16. Nd4 Nxd4 17. Bxd4 Qc7 18. g4 Be4+ 19. Bf3 Bxf3+ 20. Qxf3 f5 21. exf6 Bxf6 22. Qe3 Rae8 23. Rae1 Rf7 24. Kg2 Kh8 25. Rf3 Bxd4 26. Qxd4 Ref8 27. Rxe6 Rxf4 28. Rxh6+ Kg8 29. Qxd5+ R8f7 30. Rd6 Rxf3 31. Rd8+ Qxd8 32. Qxd8+ Kh7 33. Qd5 Rf2+ 34. Kg3 b5 35. Qe4+ Kg8 36. g5 Rxb2 37. g6 Rff2 38. Qd5+ 1-0

[Event "Verbandsliga Nordbaden 1516"]
[Site "Baden"]
[Date "2015.12.13"]
[Round "4.6"]
[White "Karl, Winfried"]
[Black "Reinhardt, Bernd"]
[Result "1/2-1/2"]
[WhiteElo "2083"]
[BlackElo "2242"]
[PlyCount "47"]
[EventDate "2015.09.27"]
[EventType "team-tourn"]
[EventRounds "9"]
[EventCountry "GER"]
[SourceTitle "EXT 2022"]
[Source "ChessBase"]
[SourceDate "2021.10.06"]
[SourceVersion "1"]
[SourceVersionDate "2021.10.06"]
[SourceQuality "1"]
[WhiteTeam "Viernheim II"]
[BlackTeam "Buchen II"]
[WhiteTeamCountry "GER"]
[BlackTeamCountry "GER"]

1. Nf3 Nf6 2. c4 c5 3. g3 Nc6 4. Bg2 e5 5. Nc3 d6 6. d3 Be7 7. Rb1 0-0 8. a3 h6 9. b4 a6 10. e4 b6 11. Nd5 Nxd5 12. cxd5 Nd4 13. Nxd4 cxd4 14. 0-0 Bd7 15. Bd2 Bb5 16. Qb3 Qd7 17. Rfc1 Ra7 18. Ra1 Ba4 19. Qa2 Kh7 20. f4 Bf6 21. f5 Qe7 22. h4 g6 23. Rf1 Rc7 24. Rac1 1/2-1/2

[Event "Verbandsliga Nord Baden 0910"]
[Site "Baden"]
[Date "2011.01.23"]
[Round "5.4"]
[White "Karl, Winfried"]
[Black "Burger, Andreas2222"]
[Result "1/2-1/2"]
[WhiteElo "2132"]
[BlackElo "1829"]
[PlyCount "45"]
[EventDate "2010.10.17"]
[EventType "team-tourn"]
[EventRounds "9"]
[EventCountry "GER"]
[SourceTitle "EXT 2012"]
[Source "ChessBase"]
[SourceDate "2011.11.24"]
[SourceVersion "1"]
[SourceVersionDate "2011.11.24"]
[SourceQuality "1"]
[WhiteTeam "Viernheim II"]
[BlackTeam "Untergrombach II"]
[WhiteTeamCountry "GER"]
[BlackTeamCountry "GER"]

1. c4 Nf6 2. Nc3 g6 3. g3 Bg7 4. Bg2 c6 5. Nf3 d6 6. d4 Nbd7 7. 0-0 0-0 8. e4 e5 9. h3 Re8 10. dxe5 dxe5 11. Be3 Qe7 12. Qc2 b6 13. Rfd1 Bb7 14. Rab1 Rad8 15. b4 Nf8 16. c5 Rxd1+ 17. Rxd1 N6d7 18. cxb6 axb6 19. Na4 c5 20. bxc5 bxc5 21. Rb1 Ba6 22. Nb6 Rb8 23. Nd5 1/2-1/2

[Event "Oberliga Baden 0809"]
[Site "Germany"]
[Date "2009.01.18"]
[Round "5.8"]
[White "Berberich, Christoph"]
[Black "Karl, Winfried"]
[Result "1/2-1/2"]
[WhiteElo "2083"]
[BlackElo "2143"]
[PlyCount "50"]
[EventDate "2008.10.05"]
[EventType "team-tourn"]
[EventRounds "9"]
[EventCountry "GER"]
[SourceTitle "EXT 2010"]
[Source "ChessBase"]
[SourceDate "2010.11.25"]
[SourceVersion "1"]
[SourceVersionDate "2010.11.25"]
[SourceQuality "1"]
[WhiteTeam "Zaehringen"]
[BlackTeam "Viernheim"]
[WhiteTeamCountry "GER"]
[BlackTeamCountry "GER"]

1. d4 Nf6 2. Nf3 g6 3. c4 Bg7 4. Nc3 d5 5. cxd5 Nxd5 6. e4 Nxc3 7. bxc3 c5 8. Rb1 0-0 9. Qd2 cxd4 10. cxd4 Nc6 11. d5 Qa5 12. Qxa5 Nxa5 13. Bd2 b6 14. Bb4 Bd7 15. Ba6 Rfd8 16. 0-0 f5 17. e5 Bc8 18. Bb5 a6 19. Bc6 Ra7 20. Bxa5 bxa5 21. Rb8 Rf8 22. Rfb1 g5 23. e6 g4 24. Nd2 Rc7 25. Bb7 Bh6 1/2-1/2

[Event "Prague ProMoPro op"]
[Site "Prague"]
[Date "2006.09.15"]
[Round "7"]
[White "Karl, Winfried"]
[Black "Slovak, Pavel"]
[Result "0-1"]
[WhiteElo "2173"]
[BlackElo "2084"]
[PlyCount "54"]
[EventDate "2006.09.09"]
[EventType "swiss"]
[EventRounds "9"]
[EventCountry "CZE"]
[SourceTitle "CBM 114 Extra"]
[Source "ChessBase"]
[SourceDate "2006.11.03"]
[SourceVersion "1"]
[SourceVersionDate "2006.11.03"]
[SourceQuality "1"]

1. Nf3 d5 2. d4 Nf6 3. g3 Bf5 4. Bg2 e6 5. 0-0 Be7 6. c4 c6 7. Nc3 0-0 8. Nh4 Bg4 9. h3 Bh5 10. cxd5 Nxd5 11. Nf3 Nd7 12. e4 Nxc3 13. bxc3 b5 14. Qc2 Rc8 15. Be3 Qc7 16. Qb3 a6 17. a4 Nb6 18. axb5 axb5 19. g4 Bg6 20. Ne5 Bd6 21. Nxg6 hxg6 22. Ra6 Ra8 23. Rfa1 Rxa6 24. Rxa6 Qb7 25. Qa2 Na4 26. Rxa4 bxa4 27. e5 a3 0-1

[Event "Prague ProMoPro op"]
[Site "Prague"]
[Date "2006.09.12"]
[Round "4"]
[White "Stolc, Martin"]
[Black "Karl, Winfried"]
[Result "1/2-1/2"]
[WhiteElo "1993"]
[BlackElo "2173"]
[PlyCount "44"]
[EventDate "2006.09.09"]
[EventType "swiss"]
[EventRounds "9"]
[EventCountry "CZE"]
[SourceTitle "CBM 114 Extra"]
[Source "ChessBase"]
[SourceDate "2006.11.03"]
[SourceVersion "1"]
[SourceVersionDate "2006.11.03"]
[SourceQuality "1"]

1. b3 e5 2. Bb2 Nc6 3. Nf3 e4 4. Nd4 Nxd4 5. Bxd4 d5 6. e3 f5 7. Be2 Nf6 8. 0-0 Be7 9. c4 c5 10. Be5 Be6 11. cxd5 Qxd5 12. Bb5+ Bd7 13. Bxd7+ Qxd7 14. Qc2 Qe6 15. Bb2 Rc8 16. Na3 a6 17. Rad1 b5 18. f3 0-0 19. fxe4 Nxe4 20. Rf3 Bf6 21. d3 Nd6 22. Rdf1 Bxb2 1/2-1/2

[Event "Regionalliga NW 9697"]
[Site "Bayern"]
[Date "1997.??.??"]
[Round "?"]
[White "Bachmann, Wolfgang"]
[Black "Karl, Winfried"]
[Result "1-0"]
[WhiteElo "1960"]
[BlackElo "1925"]
[PlyCount "113"]
[EventDate "1996.10.??"]
[EventType "team-tourn"]
[EventRounds "9"]
[EventCountry "GER"]
[SourceTitle "EXT 1999"]
[Source "ChessBase"]
[SourceDate "1998.11.16"]
[SourceVersion "1"]
[SourceVersionDate "1998.11.16"]
[SourceQuality "1"]
[WhiteTeam "Burgsinn"]
[BlackTeam "Sailauf"]
[WhiteTeamCountry "GER"]
[BlackTeamCountry "GER"]

1. d4 Nf6 2. Nf3 g6 3. Bg5 Ne4 4. Bh4 Bg7 5. e3 0-0 6. Nbd2 Nxd2 7. Qxd2 d5 8. h3 c5 9. c3 b6 10. Be2 Bb7 11. Rd1 Nd7 12. dxc5 Nxc5 13. Qc2 Qc7 14. Nd2 e5 15. 0-0 Ne6 16. Bf3 Rac8 17. Qb1 Ba6 18. Rfe1 e4 19. Be2 Bxe2 20. Rxe2 g5 21. Bg3 Be5 22. Bxe5 Qxe5 23. Nb3 f5 24. Red2 Rfd8 25. a3 Kh8 26. Qa2 Rd6 27. Nd4 Nxd4 28. Rxd4 Rcd8 29. b4 g4 30. h4 g3 31. a4 f4 32. exf4 Qxf4 33. fxg3 Qxg3 34. Qf2 Qxc3 35. Rxd5 Rxd5 36. Rxd5 Re8 37. Qd4+ Qxd4+ 38. Rxd4 Re7 39. Kf2 e3+ 40. Ke2 Kg7 41. g4 h6 42. a5 bxa5 43. bxa5 a6 44. h5 Kf6 45. Rd6+ Kg5 46. Rxa6 Kxg4 47. Rxh6 Ra7 48. a6 Kg5 49. Rc6 Kxh5 50. Kxe3 Kg5 51. Kd4 Kf5 52. Kc5 Ke5 53. Kb6 Ra8 54. Kb7 Rh8 55. a7 Kd5 56. Rc7 Kd6 57. Rg7 1-0

[Event "Regionalliga NW 9697"]
[Site "Bayern"]
[Date "1997.??.??"]
[Round "?"]
[White "Heinz, Juergen"]
[Black "Karl, Winfried"]
[Result "1-0"]
[WhiteElo "2225"]
[BlackElo "1925"]
[PlyCount "77"]
[EventDate "1996.10.??"]
[EventType "team-tourn"]
[EventRounds "9"]
[EventCountry "GER"]
[SourceTitle "EXT 1999"]
[Source "ChessBase"]
[SourceDate "1998.11.16"]
[SourceVersion "1"]
[SourceVersionDate "1998.11.16"]
[SourceQuality "1"]
[WhiteTeam "Hof SK II"]
[BlackTeam "Sailauf"]
[WhiteTeamCountry "GER"]
[BlackTeamCountry "GER"]

1. Nf3 Nf6 2. c4 g6 3. d4 Bg7 4. g3 c6 5. Bg2 d5 6. b3 0-0 7. 0-0 Bf5 8. h3 Bxb1 9. Rxb1 Ne4 10. Qc2 Nd7 11. Be3 f5 12. Qc1 Re8 13. Rb2 e6 14. Rc2 Qe7 15. Kh2 Nef6 16. Bg5 Qf8 17. Bf4 Nh5 18. Ne5 Nxe5 19. Bxe5 Nf6 20. f4 Rad8 21. c5 Ne4 22. Bxg7 Qxg7 23. Qe3 h6 24. b4 Kh7 25. Rg1 a6 26. a4 Rg8 27. Rcc1 Rd7 28. Rb1 Qf6 29. b5 axb5 30. axb5 cxb5 31. Rxb5 g5 32. Bxe4 dxe4 33. Rgb1 gxf4 34. Qxf4 Rgg7 35. e3 Rge7 36. Rb6 Qg5 37. h4 Qh5 38. R1b2 Rc7 39. Rxe6 1-0

[Event "Regionalliga NW 9697"]
[Site "Bayern"]
[Date "1997.??.??"]
[Round "?"]
[White "Karl, Winfried"]
[Black "Ros, Peter"]
[Result "1-0"]
[WhiteElo "1925"]
[BlackElo "1800"]
[PlyCount "81"]
[EventDate "1996.10.??"]
[EventType "team-tourn"]
[EventRounds "9"]
[EventCountry "GER"]
[SourceTitle "EXT 1999"]
[Source "ChessBase"]
[SourceDate "1998.11.16"]
[SourceVersion "1"]
[SourceVersionDate "1998.11.16"]
[SourceQuality "1"]
[WhiteTeam "Sailauf"]
[BlackTeam "Coburg"]
[WhiteTeamCountry "GER"]
[BlackTeamCountry "GER"]

1. Nf3 d5 2. g3 c5 3. Bg2 Nc6 4. d4 cxd4 5. Nxd4 g6 6. 0-0 Bg7 7. Nxc6 bxc6 8. c4 e6 9. Qc2 Ne7 10. Rd1 0-0 11. Nc3 Bb7 12. Rb1 Qc7 13. Na4 Rac8 14. Nc5 Rfd8 15. Qa4 Qb6 16. b4 dxc4 17. Rxd8+ Rxd8 18. Be3 Bd4 19. Bxd4 Rxd4 20. Rc1 Bc8 21. e3 Rd8 22. Rxc4 e5 23. Rc1 Nd5 24. a3 Kg7 25. Bf1 f5 26. Qc2 Rd6 27. e4 fxe4 28. Qxe4 Nf6 29. Qxe5 Qd8 30. Re1 Kf7 31. Bc4+ Nd5 32. Ne4 Rd7 33. Ng5+ Kg8 34. Qe8+ Kg7 35. Ne6+ Kh6 36. Nxd8 Nf6 37. Qf8+ Kg5 38. h4+ Kg4 39. Be2+ Kh3 40. Bf1+ Kg4 41. Kg2 1-0

[Event "Regionalliga NW 9596"]
[Site "Bayern"]
[Date "1996.??.??"]
[Round "?"]
[White "Karl, Winfried"]
[Black "Wuttig, Michael"]
[Result "1-0"]
[WhiteElo "1915"]
[BlackElo "2010"]
[PlyCount "61"]
[EventDate "1995.10.??"]
[EventType "team-tourn"]
[EventRounds "9"]
[EventCountry "GER"]
[SourceTitle "EXT 1999"]
[Source "ChessBase"]
[SourceDate "1998.11.16"]
[SourceVersion "1"]
[SourceVersionDate "1998.11.16"]
[SourceQuality "1"]
[WhiteTeam "Sailauf"]
[BlackTeam "Burgsinn"]
[WhiteTeamCountry "GER"]
[BlackTeamCountry "GER"]

1. Nf3 g6 2. g3 Bg7 3. d4 d6 4. Bg2 Nf6 5. 0-0 0-0 6. c4 Nbd7 7. Nc3 e5 8. dxe5 Nxe5 9. Nxe5 dxe5 10. Qc2 c6 11. e4 Be6 12. Be3 Bxc4 13. Rfd1 Qc7 14. Rac1 Rfd8 15. Nd5 cxd5 16. exd5 Rac8 17. b3 Bxb3 18. Qxb3 Qb8 19. Rxc8 Rxc8 20. d6 b6 21. d7 Rd8 22. Bc6 Qc7 23. Qb5 Ng4 24. a4 h6 25. a5 bxa5 26. Bd2 Qb6 27. Be1 h5 28. h3 Nh6 29. Bxa5 Qxb5 30. Bxb5 Bf6 31. Rc1 1-0

[Event "Regionalliga NW 9596"]
[Site "Bayern"]
[Date "1996.??.??"]
[Round "?"]
[White "Schweizer, Wolfgang D"]
[Black "Karl, Winfried"]
[Result "1/2-1/2"]
[WhiteElo "2000"]
[BlackElo "1915"]
[PlyCount "36"]
[EventDate "1995.10.??"]
[EventType "team-tourn"]
[EventRounds "9"]
[EventCountry "GER"]
[SourceTitle "EXT 1999"]
[Source "ChessBase"]
[SourceDate "1998.11.16"]
[SourceVersion "1"]
[SourceVersionDate "1998.11.16"]
[SourceQuality "1"]
[WhiteTeam "Hof SK II"]
[BlackTeam "Sailauf"]
[WhiteTeamCountry "GER"]
[BlackTeamCountry "GER"]

1. e4 c6 2. d4 d5 3. Nc3 dxe4 4. Nxe4 Nd7 5. Nf3 Ngf6 6. Nxf6+ Nxf6 7. c3 Bg4 8. Be2 e6 9. Ne5 Bxe2 10. Qxe2 Be7 11. Bg5 Nd7 12. Bxe7 Qxe7 13. Nxd7 Qxd7 14. 0-0 0-0 15. Rfe1 Qc7 16. Rad1 Rad8 17. Rd3 Rd5 18. Re3 c5 1/2-1/2

[Event "Regionalliga NW 9596"]
[Site "Bayern"]
[Date "1996.??.??"]
[Round "?"]
[White "Seidel, Dieter"]
[Black "Karl, Winfried"]
[Result "1-0"]
[WhiteElo "1905"]
[BlackElo "1915"]
[PlyCount "51"]
[EventDate "1995.10.??"]
[EventType "team-tourn"]
[EventRounds "9"]
[EventCountry "GER"]
[SourceTitle "EXT 1999"]
[Source "ChessBase"]
[SourceDate "1998.11.16"]
[SourceVersion "1"]
[SourceVersionDate "1998.11.16"]
[SourceQuality "1"]
[WhiteTeam "Kronach"]
[BlackTeam "Sailauf"]
[WhiteTeamCountry "GER"]
[BlackTeamCountry "GER"]

1. c4 e6 2. Nf3 Nf6 3. g3 b6 4. Bg2 Bb7 5. 0-0 c5 6. b3 Be7 7. Bb2 0-0 8. d4 cxd4 9. Nxd4 Bxg2 10. Kxg2 Nc6 11. Nc3 Rc8 12. Qd2 Qc7 13. Ndb5 Qb8 14. Rfd1 d6 15. e4 Rfd8 16. Qe2 a6 17. Na3 Nb4 18. Rd2 Qb7 19. Rad1 d5 20. exd5 exd5 21. cxd5 Nbxd5 22. Nxd5 Rxd5 23. Qf3 Bxa3 24. Bxf6 gxf6 25. Rxd5 Bf8 26. Rg5+ 1-0

[Event "Regionalliga NW 9596"]
[Site "Bayern"]
[Date "1996.??.??"]
[Round "?"]
[White "Tschanter, Kai"]
[Black "Karl, Winfried"]
[Result "1/2-1/2"]
[WhiteElo "1980"]
[BlackElo "1915"]
[PlyCount "66"]
[EventDate "1995.10.??"]
[EventType "team-tourn"]
[EventRounds "9"]
[EventCountry "GER"]
[SourceTitle "EXT 1999"]
[Source "ChessBase"]
[SourceDate "1998.11.16"]
[SourceVersion "1"]
[SourceVersionDate "1998.11.16"]
[SourceQuality "1"]
[WhiteTeam "Wuerzburg II"]
[BlackTeam "Sailauf"]
[WhiteTeamCountry "GER"]
[BlackTeamCountry "GER"]

1. d4 Nf6 2. c4 g6 3. Nc3 d5 4. cxd5 Nxd5 5. e4 Nxc3 6. bxc3 Bg7 7. Bc4 c5 8. Be3 0-0 9. Ne2 Nc6 10. 0-0 Qc7 11. Qc1 Rd8 12. Rd1 Na5 13. Bd3 b6 14. Rb1 c4 15. Bc2 Bb7 16. Bh6 e6 17. Bxg7 Kxg7 18. Qg5 h6 19. Qh4 Rd7 20. e5 Qd8 21. Qg4 Qg5 22. Qxg5 hxg5 23. Ng3 Bd5 24. Re1 Rc8 25. Nf1 Nc6 26. Ba4 Rdc7 27. Bxc6 Bxc6 28. Ne3 Rb8 29. Ng4 Rcb7 30. Rec1 b5 31. a3 a5 32. Ne3 Bd5 33. f3 Rh8 1/2-1/2